000
00318nam a22001217a 4500
008
241110b |||||||| |||| 00| 0 eng d
022
_a
09725784
041
_a
Eng
245
_a
Indian Journal of Economics and Business
260
_a
New Delhi
_b
Serials Publications Pvt. Ltd.
_c
2024
300
_a
141 p
942
_c
SR
_s
1
999
_c
43140
_d
43140